[Event "Titled Tuesday intern op 21st May Late"]
[Site "Chess.com INT"]
[Date "2024.05.21"]
[Round "4"]
[White "Castellanos Hernandez, Georgina Libertad"]
[Black "Ehlvest, Jaan"]
[Result "0-1"]
[WhiteElo "1768"]
[BlackElo "2528"]
[PlyCount "53"]
[EventDate "2024.05.21"]
[EventType "swiss (blitz)"]
[EventRounds "11"]
[EventCountry "USA"]
[SourceTitle "CB22_2024"]
[SourceDate "2024.05.29"]
[SourceVersion "1"]
[SourceVersionDate "2024.05.29"]
[SourceQuality "1"]

1. e4 e5 2. Nf3 Nc6 3. Bb5 a6 4. Ba4 d6 5. 0-0 Bd7 6. d3 Nge7 7. h3 Ng6 8. Bb3 Na5 9. Nc3 Nxb3 10. axb3 Be7 11. Nd5 0-0 12. Nxe7+ Qxe7 13. Re1 f5 14. d4 fxe4 15. Rxe4 Bc6 16. d5 Bd7 17. Bg5 Qf7 18. Re3 h6 19. Qd2 hxg5 20. Nxg5 Qf5 21. Rg3 Nf4 22. Re1 Rf6 23. Nf3 Raf8 24. c4 Qh5 25. Rg5 Nxh3+ 26. gxh3 Qxf3 27. Rg2 0-1

[Event "Titled Tuesday intern op 21st May Early"]
[Site "Chess.com INT"]
[Date "2024.05.21"]
[Round "9"]
[White "Castellanos Hernandez, Georgina Libertad"]
[Black "Sovetbekova, Nurai"]
[Result "0-1"]
[WhiteElo "1768"]
[BlackElo "1961"]
[PlyCount "112"]
[EventDate "2024.05.21"]
[EventType "swiss (blitz)"]
[EventRounds "11"]
[EventCountry "USA"]
[SourceTitle "CB22_2024"]
[SourceDate "2024.05.29"]
[SourceVersion "1"]
[SourceVersionDate "2024.05.29"]
[SourceQuality "1"]

1. Nf3 Nf6 2. g3 g6 3. Bg2 Bg7 4. 0-0 0-0 5. c4 c6 6. Nc3 d5 7. b3 d4 8. Nb1 c5 9. d3 Nc6 10. Bb2 e5 11. Nbd2 Ne8 12. a3 Bd7 13. Rb1 a5 14. Ba1 Nd6 15. e3 Bf5 16. e4 Be6 17. Ne1 f5 18. f4 Qd7 19. Qe2 Rae8 20. fxe5 Nxe5 21. b4 axb4 22. axb4 b6 23. bxc5 bxc5 24. Rb6 fxe4 25. Nxe4 Nxe4 26. Bxe4 Rxf1+ 27. Qxf1 Bh3 28. Qe2 Rf8 29. Nf3 Nxf3+ 30. Bxf3 Kh8 31. Bg2 Bg4 32. Qe4 Bf5 33. Qe2 Re8 34. Qf1 h5 35. Rb7 Qa4 36. Bb2 Qc2 37. h3 Qd2 38. Qf4 Qxd3 39. Kh2 Qe3 40. Qc7 Qh6 41. Qxc5 h4 42. Bxd4 hxg3+ 43. Kg1 Qc1+ 44. Bf1 Qf4 45. Bxg7+ Kg8 46. Qd5+ Be6 47. Qg2 Qe3+ 48. Kh1 Qf4 49. Bc3 Rf8 50. Kg1 Qe3+ 51. Kh1 Qxc3 52. Re7 Qf6 53. Rc7 Qxf1+ 54. Qxf1 Rxf1+ 55. Kg2 Rf7 56. Kxg3 Rxc7 0-1

[Event "Titled Tuesday intern op 21st May Early"]
[Site "Chess.com INT"]
[Date "2024.05.21"]
[Round "7"]
[White "Odenthal, Aidan"]
[Black "Castellanos Hernandez, Georgina Libertad"]
[Result "1-0"]
[WhiteElo "2017"]
[BlackElo "1768"]
[PlyCount "53"]
[EventDate "2024.05.21"]
[EventType "swiss (blitz)"]
[EventRounds "11"]
[EventCountry "USA"]
[SourceTitle "CB22_2024"]
[SourceDate "2024.05.29"]
[SourceVersion "1"]
[SourceVersionDate "2024.05.29"]
[SourceQuality "1"]

1. d4 d5 2. c4 e6 3. Nc3 Nf6 4. Nf3 Bb4 5. Bg5 h6 6. Bxf6 Qxf6 7. e3 c6 8. Qc2 0-0 9. Bd3 Nd7 10. 0-0 e5 11. cxd5 Bxc3 12. dxc6 bxc6 13. bxc3 Re8 14. e4 Qf4 15. Rab1 Nf6 16. Nxe5 Rxe5 17. dxe5 Ng4 18. g3 Qxe5 19. h3 Nf6 20. Kg2 c5 21. f4 Qh5 22. f5 Bd7 23. Rb7 Bc6 24. Rc7 Be8 25. Qe2 Qxe2+ 26. Bxe2 Nxe4 27. Bf3 1-0